| 000 | 01117nam a22003497a 4500 | ||
|---|---|---|---|
| 001 | BR0402852 | ||
| 003 | BR-BrBNA | ||
| 005 | 20230928101639.0 | ||
| 007 | ta | ||
| 008 | 230509b bl.||||| |||| 00| 0 por d | ||
| 040 |
_aBR-BrBNA _bpor _cBiblioteca Nacional de Agricultura |
||
| 041 | _a(Por) | ||
| 072 |
_aL02; L73; L50 _b5240 _b4190 |
||
| 090 | _ 5240 BR0402852 | ||
| 100 | 1 | _aBricarello, P.A. | |
| 110 | 1 |
_aCentro de Energia Nuclear na Agricultura, Piracicaba, SP (Brasil) _0Tese (Doutor em Ciências) |
|
| 245 | 1 | _aResposta de cordeiros a infecção por Haemonchus contortus: comparação entre raças e influência da composição protéica da dieta | |
| 260 | 3 |
_aPiracicaba, SP (Brasil): _c2004. |
|
| 300 | _a103 p. | ||
| 500 | _aSummaries (Eng, Por); Bibliography p. 91-103; 25 tables; 8 illus. | ||
| 650 | _aOVINO | ||
| 650 | _aRAÇA | ||
| 650 | _aINFECÇÃO | ||
| 650 | _aNEMATÓIDE | ||
| 650 | _aTRANSMISSÃO DE DOENÇA | ||
| 650 | _aDIETA | ||
| 650 | _aPROTEÍNA | ||
| 650 | _aBIOQUÍMICA ANIMAL | ||
| 650 | _aGANHO DE PESO | ||
| 909 |
_a202309 _bLucia _c55 _dLucia Elande |
||
| 942 | _cBK | ||
| 999 |
_c66869 _d66869 |
||